Trudny quiz o państwach#1 - Statystyki

Ogólne statystyki
  • Ten quiz został rozwiązany 48 razy
    7 od ostatniego zresetowania
  • Średni wynik to 2 z 10
Statystyki odpowiedzi
Pytanie Odpowiedź % Poprawnych
4 z 10 najwyższych zapór znajdują się tam Chiny
80%
Terytorium zależnym tego państwa jest, np. Bonaire Holandia
60%
To państwo to jednocześnie 17 największa wyspa na świecie Kuba
40%
W eksklawie tego państwa znajduje się miasto Kabinda Angola
20%
W tym kraju miało miesce powstanie Sipajów Indie
20%
W tym kraju do morza uchodzi Orinoko Wenezuela
20%
Eksklawą tego państwa jest Nachiczewańska Republika Autonomiczna Azerbejdżan
0%
Jest na 6 miejscu wśród państw mających największą gęstość zaludnienia(stan na 2021r.) Bangladesz
0%
W tym kraju jest miasto Xai-Xai Mozambik
0%
Jest na 6 miejscu wśród państw mających najmniejszą gęstość zaludnienia(stan na 2021r.) Surinam
0%
Nie znaleziono quizów pasujących do podanych kryteriów
Rozkład punktacji
Procent ludzi z każdym wynikiem
Percentyl według liczby udzielonych odpowiedzi
Twoja historia wyników
Nie rozwiązałeś tego quizu od ostatniego zresetowania